Statistiques concernant 50 personnalités de la Renaissance

Cliquez ici pour prendre le quiz!

Statistiques générales

  • Ce quiz a été pris 531 fois
  • Le résultat moyen est 19 sur 50

Statistiques - réponses

IndiceRéponse% Correct
Il peignit "la Joconde"Leonard de Vinci
99%
Il découvrit l'AmériqueChristophe Colomb
96%
Il peignit le plafond de la Chapelle SixtineMichel-Ange
81%
Il donna son nom à ce continentAmerigo Vespucci
68%
Il est à la tête de la Réforme protestanteMartin Luther
64%
Inventeur de l'ImprimerieJohannes Gutenberg
63%
Physicien italien qui défendit cette thèseGalilée
58%
Roi d'Angleterre qui se maria six foisHenri VIII
57%
Monarque le plus puissant de la première moitié du XVIè siècleCharles Quint
56%
Il entreprit le tour du monde mais mourut en routeFernand de Magellan
56%
C'est ce roi qui met fin au Guerres de ReligionHenri IV
55%
Il est l'auteur de la "Naissance de Vénus"Sandro Botticelli
54%
Roi français "Restaurateur des Lettres"François Ier
53%
Explorateur français qui découvrit le CanadaJacques Cartier
53%
Autre membre de la réforme protestante, de nationalité françaiseJean Calvin
51%
Il prône la conservation du pouvoir par la manipulation dans son œuvreMachiavel
51%
C'est lui qui proposa le modèle de l'HéliocentrismeNicolas Copernic
51%
Auteur de "Pantagruel"François Rabelais
50%
Il est connu pour ses prédictionsNostradamus
47%
Empereur ottoman dit "le Magnifique"Soliman Ier
47%
Forentin qui fut sunommé "le Magnifique"Laurent de Médicis
45%
Reine épouse de Henri II et réputée dangereuseCatherine de Médicis
44%
Ses "Essais" ont influencé des philosophes comme Nietzsche et DescartesMichel de Montaigne
44%
Conquistador espagnol qui a conquis l'Empire aztèqueHernan Cortés
42%
L'une de ses épouses, la première qui fut exécutéeAnne Boleyn
41%
Il arriva en Inde en contournant le cap de Bonne-EspéranceVasco de Gama
39%
Roi français dit "Le Père du peuple"Louis XII
33%
Peintre qui peignit "les Trois Grâces"Raphaël
30%
Il fut cité plusieurs fois par ce dernier dans "le Prince"César Borgia
28%
Conquistador qui a défait les IncasFrancisco Pizarro
28%
Auteur de "l'Éloge de la folie"Érasme
27%
L'épouse de ce dernierIsabelle de Castille
26%
Humaniste anglais qui écrivit "l'Utopie"Thomas More
26%
Premier tsar de RussieIvan le Terrible
25%
Roi unificateur de l'Espagne de part son mariageFerdinand d'Aragon
21%
Rodrigo Borgia était le nom de ce papeAlexandre VI
20%
Première femme couronnée Reine d'Angleterre et à diriger le pays par son propre nomMarie Ière
19%
Empereur aztèque dont le règne vit le début de la conquête espagnoleMoctezuma II
19%
La sœur de ce dernierLucrèce Borgia
18%
Sous le règne de ce dernier, il fut un grand corsaireBarberousse
16%
Son "David" est utilisé comme prix pour le cinéma italienDonatello
16%
Peintre brabançon, auteur de la "Tour de Babel"Pieter Brueghel l'Ancien
14%
Le fils de ce dernier, Jean, devient ce papeLéon X
10%
Le plus grand anatomiste de la RenaissanceAndré Vésale
8%
Pape qui fit construire la Chapelle SixtineSixte IV
7%
Reine qui fut déposée et surnomée "la Reine de neuf jours"Jeanne Grey
5%
Premier unificateur du JaponOda Nobunaga
5%
Il tua Julien de MédicisFrancesco de Pazzi
4%
On présume que "La dame aux jasmins" est son portraitCatherine Sforza
3%
L'auteur de ce portraitLorenzo di Credi
1%

Distribution des résultats

Percentile par nombre de réponses

% des personnes avec chaque résultat

Votre développement - résultats

Vous n’avez pas pris ce quiz